[Event "AUTO-INT-1314"]
[Site "http://www.queenalice.com/game.php?id=590880"]
[Date "2009.5.19"]
[Round "1"]
[White "TonyDaMadeira"]
[Black "juim"]
[Result "0-1"]
[WhiteElo "1368"]
[BlackElo "1703"]

1. e4 e5 2. Nf3 d6 3. h3 Be7 4. Bc4 Nc6 5. O-O Nf6 6. d3 Bd7 7. Ng5 Be6 8. Nxe6
fxe6 9. Bxe6 Bf8 10. Bg5 Nd4 11. Bc4 Qe7 12. Nc3 h6 13. Nd5 Qd7 14. Nxf6+ gxf6
0-1

[Event "AUTO-INT-1314"]
[Site "http://www.queenalice.com/game.php?id=590881"]
[Date "2009.5.19"]
[Round "1"]
[White "juim"]
[Black "TonyDaMadeira"]
[Result "1-0"]
[WhiteElo "1700"]
[BlackElo "1371"]

1. e4 e5 2. d3 Nf6 3. Nf3 Nc6 4. Be2 Bc5 5. Nc3 O-O 6. Bg5 h6 7. Bxf6 Qxf6 8.
O-O Nd4 9. Nxd4 Bxd4 10. Nd5 Qd6 11. c3 c6 12. cxd4 cxd5 13. exd5 Qxd5 14. dxe5
1-0

[Event "AUTO-INT-1319"]
[Site "http://www.queenalice.com/game.php?id=592963"]
[Date "2009.5.24"]
[Round "1"]
[White "dreamer"]
[Black "TonyDaMadeira"]
[Result "1-0"]
[WhiteElo "1333"]
[BlackElo "1255"]

1. Nf3 Nf6 2. c4 Nc6 3. Nc3 d5 4. cxd5 Nxd5 5. Nxd5 Qxd5 6. d4 Bg4 7. e3 e5 8.
Be2 exd4 9. exd4 Bb4+ 10. Bd2 O-O-O 11. Bxb4 Nxb4 12. a3 1-0

[Event "AUTO-INT-1319"]
[Site "http://www.queenalice.com/game.php?id=592964"]
[Date "2009.5.24"]
[Round "1"]
[White "TonyDaMadeira"]
[Black "dreamer"]
[Result "0-1"]
[WhiteElo "1269"]
[BlackElo "1319"]

1. e4 e6 2. Nf3 d5 3. Bb5+ c6 4. Bd3 dxe4 5. Bxe4 Nf6 6. Bd3 Be7 7. O-O O-O 8.
Nc3 b5 9. Re1 Bb7 10. b3 a6 0-1

[Event "Challenge"]
[Site "http://www.queenalice.com/game.php?id=600611"]
[Date "2009.6.8"]
[Round "-"]
[White "aldav"]
[Black "TonyDaMadeira"]
[Result "1-0"]
[WhiteElo "1752"]
[BlackElo "1192"]

1. e4 e5 2. d3 Nc6 3. Nf3 h6 4. g3 Bc5 5. Bg2 Nf6 6. O-O O-O 7. a3 b6 8. c3 Re8
9. b4 Bf8 10. d4 Ba6 11. Re1 exd4 12. Nxd4 Ne5 13. b5 Bb7 14. Bf4 Nc4 15. e5
Bxg2 16. Kxg2 Nd5 17. Qg4 Nxf4+ 18. gxf4 a6 19. e6 dxe6 20. Nxe6 Qd5+ 21. Kg1
axb5 22. f5 fxe6 23. f6 Ne5 24. Qe4 Nf3+ 25. Kf1 1-0

[Event "Challenge"]
[Site "http://www.queenalice.com/game.php?id=623214"]
[Date "2009.7.22"]
[Round "-"]
[White "TonyDaMadeira"]
[Black "MikeJK"]
[Result "0-1"]
[WhiteElo "1157"]
[BlackElo "1253"]

1. e4 e5 2. Nf3 d6 3. Bc4 Nc6 4. O-O Nce7 5. Ng5 f6 6. Nf7 Qd7 7. Nxh8 Nh6 8. d3
Nc6 9. Bxh6 gxh6 10. Nf7 Ke7 11. Qh5 Nd4 12. Na3 Qa4 13. Bb3 Qb4 14. c3 Qc5 15.
cxd4 Qxd4 16. Nc4 c5 17. Nfxd6 Qxb2 18. Nxb2 Kxd6 19. Nc4+ Kc6 20. Qf7 Bd7 21.
Ba4+ b5 22. Qxf6+ Kb7 23. Rab1 a6 24. Na5+ Kc7 25. Qxe5+ Kb6 26. Nc4+ Kc6 27.
Qd6+ Bxd6 28. Nxd6 bxa4 29. Nc4 h5 30. Ne5+ Kd6 31. Nxd7 Kxd7 32. f4 a3 33. Rb3
Ke6 34. Rxa3 h4 35. f5+ Ke5 36. f6 Ke6 0-1

[Event "AUTO-BEG-310"]
[Site "http://www.queenalice.com/game.php?id=629386"]
[Date "2009.8.2"]
[Round "2"]
[White "sphagnis"]
[Black "TonyDaMadeira"]
[Result "1-0"]
[WhiteElo "1500"]
[BlackElo "1159"]

1. e4 e5 2. Bc4 Nf6 3. d3 Bc5 4. Qf3 h6 5. a3 O-O 6. b4 Bd4 7. c3 Bb6 8. a4 c6
9. Ba3 d5 10. b5 dxc4 11. Bxf8 Kxf8 12. Na3 Ng4 13. O-O-O Nxf2 14. Nh3 Nxh1 15.
dxc4 Bxh3 16. Rxd8+ Bxd8 17. Qxh3 Na6 18. Qf3 Nc5 19. Kc2 Be7 20. Kb2 Nf2 21.
Kc2 1-0

[Event "AUTO-BEG-310"]
[Site "http://www.queenalice.com/game.php?id=629387"]
[Date "2009.8.2"]
[Round "2"]
[White "TonyDaMadeira"]
[Black "sphagnis"]
[Result "0-1"]
[WhiteElo "1162"]
[BlackElo "1497"]

1. e4 e5 2. Nf3 Qf6 3. Bc4 Bc5 4. Nc3 c6 5. O-O Qe7 6. a3 Nf6 7. d3 h6 8. Na4
O-O 9. Re1 d5 10. exd5 cxd5 11. Nxc5 Qxc5 12. Bb3 Nc6 13. Nxe5 Re8 14. Nxc6
Rxe1+ 15. Qxe1 Qxc6 16. Bf4 Bf5 17. Qe5 Be6 18. Bxh6 Re8 19. Qg5 Nh5 20. Qxh5
gxh6 0-1

[Event "AUTO-BEG-333"]
[Site "http://www.queenalice.com/game.php?id=632042"]
[Date "2009.8.7"]
[Round "1"]
[White "nicholasmorassutti"]
[Black "TonyDaMadeira"]
[Result "1-0"]
[WhiteElo "1374"]
[BlackElo "1190"]

1. d4 Nf6 2. Nc3 d5 3. f3 Nc6 4. e4 dxe4 5. fxe4 Qxd4 6. Nf3 Qxd1+ 7. Nxd1 Nxe4
8. Bd3 Bf5 9. Ne3 e6 10. O-O Bc5 11. a3 Bxe3+ 12. Bxe3 O-O 13. h3 Ng3 14. Rfe1
Bxd3 15. cxd3 1-0

[Event "AUTO-BEG-333"]
[Site "http://www.queenalice.com/game.php?id=632043"]
[Date "2009.8.7"]
[Round "1"]
[White "TonyDaMadeira"]
[Black "nicholasmorassutti"]
[Result "0-1"]
[WhiteElo "1181"]
[BlackElo "1383"]

1. e4 d5 2. exd5 Qxd5 3. Nc3 Qf5 4. Bd3 Qf6 5. Nge2 e6 6. O-O Bd6 7. Ne4 Qh6 8.
Bb5+ c6 9. Nxd6+ Kd7 10. d3 Qg6 11. Nf4 Qf6 12. Ne4 Qe5 13. Ba4 b5 14. Bb3 Kc7
0-1